000 01248cam a22003133a 4500
001 15868
003 PGUSA
005 20140828083335.0
008 050520s2005||||xxu|||||s|||||000 1 eng d
040 _aPGUSA
_beng
042 _adc
050 4 _aPS
100 1 _aHale, Edward Everett,
_d1822-1909
245 1 4 _aThe Man Without a Country and Other Tales
_h[electronic resource] /
_cEdward Everett Hale
260 _bProject Gutenberg,
_c2005
505 0 _aThe man without a country -- The last of the Florida -- A piece of possible history -- The south american editor -- The old and the new, face to face -- The dot and line alphabet -- The last voyage of the Resolute -- My double, and how he undid me -- The children of the public -- The skeleton in the closet -- Christmas waits in Boston.
506 _aPublic domain in the USA.
516 _aElectronic text
653 _aStateless persons -- Fiction
653 _aBurr Conspiracy, 1805-1807 -- Fiction
653 _aSea stories
653 _aHistorical fiction
653 _aSoldiers -- Fiction
653 _aShort stories, American
653 _aExiles -- Fiction
830 0 _aProject Gutenberg
_v15868
856 4 0 _uhttp://www.gutenberg.org/ebooks/15868
942 _cEB
999 _c245123
_d245123